|
|
|
|
| LEADER |
00000ny a22000003n 4500 |
| 005 |
20110520125520.0 |
| 008 |
080626s2006 sp s 000 0 spa c |
| 020 |
|
|
|a 843401646X
|
| 035 |
|
|
|a 1794
|
| 040 |
|
|
|a UMA.RE
|d vLex
|
| 080 |
|
|
|a 366.4:656.7(0.034)
|
| 080 |
|
|
|a 656.7:366.4(0.034)
|
| 090 |
|
|
|c 102
|d 102
|
| 100 |
1 |
|
|a Nieto Menor, Miguel
|
| 245 |
1 |
4 |
|a Los derechos de los usuarios del transporte ařeo
|h [Recurso electrn̤ico]
|c Miguel Nieto Menor, Pablo Fernando Poza
|
| 256 |
|
|
|a Servicio en ln̕ea
|
| 260 |
|
|
|a [Madrid] :
|b Boletn̕ Oficial del Estado,
|c 2006
|
| 506 |
1 |
|
|a Contenido solo disponible en los productos indicados
|d vLex Global
|d vLex Global (Academic Edition, excluding Law Schools)
|d vLex Global (U.S. Academic Edition, Law Schools)
|d vLex Global (U.S. Academic Edition, excluding Law Schools)
|d vLex Global (Academic Edition, Law Schools)
|
| 650 |
0 |
7 |
|a Derecho de los consumidores y usuarios
|2 Tesauro vLex
|
| 650 |
0 |
7 |
|a Civil
|2 Tesauro vLex
|
| 650 |
0 |
7 |
|a Contratos de transportes ařeos
|2 Tesauro vLex
|
| 650 |
0 |
7 |
|a Transporte ařeo
|2 Tesauro vLex
|
| 650 |
0 |
7 |
|a Contrato de transporte de personas
|2 Tesauro vLex
|
| 650 |
0 |
7 |
|a Consumidores y usuarios
|2 Tesauro vLex
|
| 700 |
1 |
|
|a Poza, Pablo Fernando
|
| 740 |
0 |
|
|a vLex Libros (Servicios en ln̕ea)
|
| 856 |
4 |
0 |
|u http://vlex.com/source/1794
|z Acceso restringido
|
| 942 |
|
|
|c BOOK
|
| 999 |
0 |
4 |
|a Consumers
|v En ln̕ea
|
| 999 |
0 |
4 |
|a Transporte ařeo
|v En ln̕ea
|